000 00206nam a2200097Ia 4500
008 120527s9999 xx 000 0 und d
100 _aKIINGRAY,Margret.
245 _aChoices.
260 _bBRF
942 _cBK
999 _c23758
_d23758